Analýza a návrh posuvovej sústavy CNC frézovačky

Uložené v:
Podrobná bibliografia
Hlavný autor: Rovný, Oliver (Autor)
Ďalší autori: Garan, Martin (Vedúci práce)
Médium: Rukopis Kniha
Jazyk:Slovak
Vydavateľské údaje: 2015
Predmet:
On-line prístup:http://is.stuba.sk/zp/portal_zp.pl?podrobnosti=112964
Tagy: Pridať tag
Žiadne tagy, Buďte prvý, kto otaguje tento záznam!

MARC

LEADER 00000ntm a22000003a 4500
001 stuzp52712
003 SK-STU
005 20160719154245.7
007 ta
008 150427s2015----xo-----f-mn---000-0-slo-d
040 |a STU  |b slo 
041 0 |a slo 
100 1 |a Rovný, Oliver  |u 020010  |4 aut  |U SjF Strojnícka fakulta  |T SjF Ústav aplikovanej mechaniky a mechatroniky  |X 66089  |U J0010  |Y 801  |7 A000066089 
242 0 1 |a Analysis and design of the feed system of CNC milling machine  |y eng 
245 1 0 |a Analýza a návrh posuvovej sústavy CNC frézovačky 
260 |c 2015 
650 4 |a posuvový mechanizmus  |2 slo 
650 4 |a CNC stroj  |2 slo 
650 4 |a posuvová sústava  |2 slo 
650 4 |a dynamika posuvu  |2 slo 
650 4 |a vlastné frekvencie  |2 slo 
650 4 |a simmechanics  |2 slo 
650 4 |a posuvové sily  |2 slo 
650 4 |a feed mechanism  |2 eng 
650 4 |a feed system  |2 eng 
650 4 |a feed forces  |2 eng 
650 4 |a feed dynamics  |2 eng 
650 4 |a eigenfrequencies  |2 eng 
650 4 |a matlab simmechanics  |2 eng 
650 4 |a CNC machine tool  |2 eng 
700 1 |a Garan, Martin  |4 ths  |X 10008  |7 A000010008 
856 4 |u http://is.stuba.sk/zp/portal_zp.pl?podrobnosti=112964 
SQL |a stuzp52712  |b DDP  |c SLO  |d Analýza a návrh posuvovej sústavy CNC frézovačky  |e 66089  |f Rovný, Oliver  |g 020010  |h 10008  |i Garan, Martin  |j 20150617  |k 57  |l 02  |m http://is.stuba.sk/zp/portal_zp.pl?podrobnosti=112964  |n I-MECH  |o 5.2.16. mechatronika